000 00985nam a22002777a 4500
005 20150306075946.0
008 130821s2007 ag gr spa
020 _a9879875507401
040 _aCO-BoUCM
_bspa
_cJose A. Gerena (modificó)
_d[Nuevo]
041 0 0 _aspa
100 1 _aMarx, Karl
_d1818-1883
_934075
245 1 0 _aManifiesto del partido comunista
_cCarlos Marx, Federico Engels ; estudio introductorio y traducción Néstor Kohan
260 _aBuenos Aires (Argentina)
_bLongseller
_c2007
300 _a126 páginas
490 0 _aClásicos de siempre
490 0 _aPensamiento político
650 0 7 _aCiencia política
_926457
650 0 7 _aComunismo
_911425
650 0 7 _aPartidos políticos
_926546
650 0 7 _aSocialismo
_924700
690 _aCiencia política
700 1 _aEngels, Friederich
_d1820-1895
_941859
700 1 _aKohan, Néstor
_941860
_etraductor
942 _cLIBRO
_a6
_e1
_mM392lon
_2DEWEY
_h320.532
999 _c180010
_d180010